लोड हो रहा है...
Beauty parlour
| मुख्य लेखक: | |
|---|---|
| स्वरूप: | Printed Book |
| प्रकाशित: |
1992
|
| LEADER | 003510000a22001090004500 | ||
|---|---|---|---|
| 040 | |a MAL | ||
| 082 | |a A3 KRI1/B N2 | ||
| 100 | |a Krishnankutty, Veloor | ||
| 245 | |a Beauty parlour | ||
| 260 | |c 1992 | ||
| 999 | |c 22067 |d 22067 | ||
| 952 | |0 0 |1 0 |4 0 |6 A_000000000000000_3_KRI1B_N2 |7 0 |8 MAL |9 21885 |a MGUL |b MGUL |d 2013-07-16 |l 2 |o A3 KRI1/B N2 |p 17134 |r 2017-01-30 |s 2017-01-05 |w 2013-07-16 |y BK | ||